| 000 | 02982nam0a2200385 4500 | ||
|---|---|---|---|
| 001 | RU\NLR\bibl\7548 | ||
| 005 | 20250615010154.0 | ||
| 010 |
_a5-88901-012-3 _96000 |
||
| 021 |
_aRU _b98-8885 _9419 |
||
| 035 | _a(NLR Aleph) 000007363 | ||
| 090 |
_a22710 _c22710 |
||
| 100 | _a19981112d1998 |||y0rusy50 ca | ||
| 101 | 1 |
_arus _ceng _cfre |
|
| 102 | _aRU | ||
| 105 | _aa ||||||||| | ||
| 200 | 1 |
_aСвятейшая Тринософия _e[Сб.] _f[Сост.: В.В.Вергун _gОтв. ред.: О.А.Володарская _gПер. с англ.: И.С.Канышева _gПер. с фр.: И.С.Канышева, Мишель Дебренн _gВступ. ст.: О.А.Володарская] |
|
| 210 |
_aМ. _cЦентр твор. исслед. "Беловодье" _cФонд "Дельфис" _d1998 |
||
| 215 |
_a600 с. _cил., портр., цв. портр., факс. _d22 |
||
| 225 | 1 |
_aУчитель Ракоци. Сен-Жермен и Калиостро _vКн. 1 |
|
| 300 | _aНа обл. загл. сер.: Сен-Жермен и Калиостро | ||
| 320 | _aБиблиогр. в подстроч. примеч. | ||
| 327 | 1 | _aСодерж.: Граф Сен-Жермен / Поль Шакорнак. "Святейшая Тринософия" графа Сен-Жермена / Мэнли Палмер Холл. Тайны и мистерии оккультизма: Сен-Жермен и Калиостро / Патрик Ривьер. Вслед за таинственным графом / Ольга Володарская | |
| 464 | 0 |
_12001#$aГраф Сен-Жермен _1700#1$aШакорнак$bП.$gПоль$4070 _tГраф Сен-Жермен _aШакорнак, Поль |
|
| 464 | 0 |
_12001#$a"Святейшая Тринософия" графа Сен-Жермен _1700#1$aХолл$bМ.П.$gМэнли Палмер$4070 _t"Святейшая Тринософия" графа Сен-Жермен _aХолл, Мэнли Палмер |
|
| 464 | 0 |
_12001#$aТайны и мистерии оккультизма: Сен-Жермен и Калиостро _1700#1$aРивьер$bП.$gПатрик$4070 _tТайны и мистерии оккультизма: Сен-Жермен и Калиостро _aРивьер, Патрик |
|
| 464 | 0 |
_12001#$aВслед за таинственным графом _1700#1$aВолодарская$bО. А.$f1962-$cлингвист, литератор$gОльга Анатольевна$3RU\NLR\AUTH\770194930$4070 _tВслед за таинственным графом _aВолодарская, Ольга Анатольевна (лингвист, литератор ; 1962-) |
|
| 600 | 1 |
_aСен-Жермен _f- 1795 _91579507 _3RU\NLR\auth\66992270 |
|
| 605 |
_a"Святейшая Тринософия" _92079335 _3RU\NLR\auth\661255212 |
||
| 686 | _aТ3(4Фр)432-8 | ||
| 801 | 0 |
_aRU _bNLR _c19981112 _gPSBO |
|
| 801 | 1 |
_aRU _bNLR _c19981112 |
|
| 852 |
_aNLR _j98-5/1238 |
||
| 942 | _cBOOK | ||
| 980 | _aNB | ||